Code of practice for programme management in the built environment / (Record no. 121450)

MARC details
000 -LEADER
fixed length control field 00935cam a2200253 i 4500
005 - DATE AND TIME OF LATEST TRANSACTION
control field 20230404155645.0
008 - FIXED-LENGTH DATA ELEMENTS--GENERAL INFORMATION
fixed length control field 230404s2016 enka b 001 0 eng c
020 ## - INTERNATIONAL STANDARD BOOK NUMBER
International Standard Book Number 9781118717851 (pbk.)
040 ## - CATALOGING SOURCE
Original cataloging agency WaSeSS/DLC
Language of cataloging eng
Description conventions rda
Transcribing agency WaSeSS
Modifying agency DLC
042 ## - AUTHENTICATION CODE
Authentication code pcc
043 ## - GEOGRAPHIC AREA CODE
Geographic area code e-uk---
082 00 - DEWEY DECIMAL CLASSIFICATION NUMBER
Classification number 658.4
Edition number 23
110 2# - MAIN ENTRY--CORPORATE NAME
Corporate name or jurisdiction name as entry element Chartered Institute of Building (Great Britain),
Relator term author.
245 10 - TITLE STATEMENT
Title Code of practice for programme management in the built environment /
Statement of responsibility, etc. The Chartered Institute of Building.
264 #1 - PRODUCTION, PUBLICATION, DISTRIBUTION, MANUFACTURE, AND COPYRIGHT NOTICE
Place of production, publication, distribution, manufacture Chichester, UK ;
-- Hoboken, NJ :
Name of producer, publisher, distributor, manufacturer John Wiley & Sons,
Date of production, publication, distribution, manufacture, or copyright notice 2016.
300 ## - PHYSICAL DESCRIPTION
Extent xix, 167 pages :
Other physical details illustrations (some color) ;
Dimensions 30 cm
336 ## - CONTENT TYPE
Content type term text
Source rdacontent
337 ## - MEDIA TYPE
Media type term unmediated
Source rdamedia
338 ## - CARRIER TYPE
Carrier type term volume
Source rdacarrier
504 ## - BIBLIOGRAPHY, ETC. NOTE
Bibliography, etc. note Includes bibliographical references and index.
650 #0 - SUBJECT ADDED ENTRY--TOPICAL TERM
Topical term or geographic name entry element Building
General subdivision Superintendence
Geographic subdivision Great Britain.
650 #0 - SUBJECT ADDED ENTRY--TOPICAL TERM
Topical term or geographic name entry element Project management
Geographic subdivision Great Britain.
942 ## - ADDED ENTRY ELEMENTS (KOHA)
Source of classification or shelving scheme Dewey Decimal Classification
Holdings
Withdrawn status Lost status Source of classification or shelving scheme Damaged status Not for loan Collection code Home library Current library Shelving location Date acquired Total Checkouts Full call number Date last seen Copy number Price effective from Koha item type
    Dewey Decimal Classification     Reference London London Folio 04/04/2023   F658.4 04/04/2023 1 04/04/2023 Book